000
00344nam a2200145Ia 4500
008
221030s9999 xx 000 0 und d
041
_a
English
082
_a
105.23
100
_a
AIMA
245
0
_a
MAT Bulletin, May 2008 (Management Aptitude Test)
260
_b
AIMA
_a
New Delhi
_c
2008
300
_a
853
650
_a
Management
942
_c
BK
999
_c
5907
_d
5907